Nerovné partnerstvo - Rusko a Slovensko

Obsahová rozdielnosť bilaterálnych vzťahov medzi Slovenskom a Ruskom. Koncepcie zahraničnej politiky Ruskej federácie vo vzťahu k strednej a východnej Európe. Slovenské záujmy v Ruskej federácii. Modelový charakter slovensko-ruských vzťahov.

Gespeichert in:
Bibliographische Detailangaben
1. Verfasser: Duleba, Alexander
Format: Buch
Sprache:Slowakisch
Schlagworte:
Tags: Tag hinzufügen
Keine Tags, Fügen Sie das erste Tag hinzu!

MARC

LEADER 00000nam a2200000 4500
001 r031034
005 20230927112213.3
041 0 |a slo 
044 |a CZ 
245 1 0 |a Nerovné partnerstvo - Rusko a Slovensko  |c Alexander Duleba 
520 |a Obsahová rozdielnosť bilaterálnych vzťahov medzi Slovenskom a Ruskom. Koncepcie zahraničnej politiky Ruskej federácie vo vzťahu k strednej a východnej Európe. Slovenské záujmy v Ruskej federácii. Modelový charakter slovensko-ruských vzťahov. 
610 2 0 |a vzťahy politické medzinárodné 
610 2 0 |a záujmy ekonomické 
610 2 0 |a politika hospodárska 
610 2 0 |a politika hospodárska medzinárodná 
610 2 0 |a ropa 
610 2 0 |a úroveň rozvoja hospodárskeho 
610 2 0 |a Slovensko 
610 2 0 |a Rusko 
610 2 0 |a SVE 
610 2 0 |a NATO 
100 1 |a Duleba, Alexander